लेव टॉल्सटॉय की औपन्यासिक कहानियाँ / (Record no. 51269)

MARC details
000 -LEADER
fixed length control field 05172nam a22005177a 4500
005 - DATE AND TIME OF LATEST TRANSACTION
control field 20080929101452.0
008 - FIXED-LENGTH DATA ELEMENTS--GENERAL INFORMATION
fixed length control field 080929t xxu||||| |||| 00| 0chin d
010 ## - LCCN (DPL NO)
LC control number HIN-92176 B-451156-171
020 ## - INTERNATIONAL STANDARD BOOK NUMBER
International Standard Book Number 9789380405155
Terms of availability 250.00
035 ## - SYSTEM CONTROL NUMBER
System control number HN-64522 B-451156-171
037 ## - SOURCE OF ACQUISITION
Source of stock number/acquisition DBAD / PUB
037 ## - SOURCE OF ACQUISITION
Source of stock number/acquisition के.के. पब्लिकेशंस
040 ## - CATALOGING SOURCE
Original cataloging agency DPL
Language of cataloging HN
082 ## - DEWEY DECIMAL CLASSIFICATION NUMBER
Classification number
100 ## - MAIN ENTRY--PERSONAL NAME
9 (RLIN) 26640
245 ## - TITLE STATEMENT
Title लेव टॉल्सटॉय की औपन्यासिक कहानियाँ /
Statement of responsibility, etc रतनलाल मिश्र द्रारा अनुदित
246 ## - VARYING FORM OF TITLE
Title proper/short title Lav Tolstoy ki Opniysik Kahaniya
Remainder of title Tra by Ratan lal Mishra
260 ## - PUBLICATION, DISTRIBUTION, ETC. (IMPRINT)
Place of publication, distribution, etc जयपुर
Name of publisher, distributor, etc ग्रथ विकास
Date of publication, distribution, etc 2011
270 ## - ADDRESS
Address सी-37 राजापार्क, आरदर्श नगर,
City जयपुर
300 ## - PHYSICAL DESCRIPTION
Extent 180 पृ.
Dimensions 22सेमी (सजिल्द)
650 ## - SUBJECT ADDED ENTRY--TOPICAL TERM
9 (RLIN) 697
Topical term or geographic name as entry element लघु कथाएं, हिन्दी
650 ## - SUBJECT ADDED ENTRY--TOPICAL TERM
9 (RLIN) 26793
Topical term or geographic name as entry element Hindi Fiction
650 ## - SUBJECT ADDED ENTRY--TOPICAL TERM
9 (RLIN) 26674
650 ## - SUBJECT ADDED ENTRY--TOPICAL TERM
9 (RLIN) 698
700 ## - ADDED ENTRY--PERSONAL NAME
9 (RLIN) 26643
Personal name मिश्र, रतनलाल
710 ## - ADDED ENTRY--CORPORATE NAME
9 (RLIN) 26662
942 ## - ADDED ENTRY ELEMENTS (KOHA)
Source of classification or shelving scheme Dewey Decimal Classification
Item type Hindi Books
Classification part
Call number suffix लेवटॉ
Holdings
Withdrawn status Lost status Source of classification or shelving scheme Damaged status Not for loan Collection code Home library Current library Date acquired Source of acquisition Cost, normal purchase price Total Checkouts Full call number Barcode Date last seen Copy number Cost, replacement price Koha item type Total Renewals
    Dewey Decimal Classification     Fiction Andrews Gunj Andrews Gunj 21/02/2012 के.के.पब्लकेशंस/1355/13.10.11/11/15.9.11/11.11.11 250.00 3 क लेवटॉ B-451166 01/04/2022 1 250.00 Hindi Books  
    Dewey Decimal Classification     Fiction Bawana Bawana 21/02/2012 के.के.पब्लकेशंस/1355/13.10.11/11/15.9.11/11.11.11 250.00   क लेवटॉ B-451170 21/02/2012 1 250.00 Hindi Books  
    Dewey Decimal Classification     Fiction Central Library Central Library 21/02/2012 के.के.पब्लकेशंस/1355/13.10.11/11/15.9.11/11.11.11 250.00   क लेवटॉ B-451156 21/02/2012 2 250.00 Hindi Books  
    Dewey Decimal Classification     Fiction Central Library Central Library 21/02/2012 के.के.पब्लकेशंस/1355/13.10.11/11/15.9.11/11.11.11 250.00   क लेवटॉ B-451157 21/02/2012 2 250.00 Hindi Books  
    Dewey Decimal Classification   Not For Loan Fiction D.B.Act.Division D.B.Act.Division 28/03/2011 DBAD / PUB 250.00   क लेवटॉ HN-64522 28/03/2011 1 250.00 Hindi Books  
    Dewey Decimal Classification     Fiction Janak Puri Janak Puri 21/02/2012 के.के.पब्लकेशंस/1355/13.10.11/11/15.9.11/11.11.11 250.00 7 क लेवटॉ B-451163 12/02/2025 1 250.00 Hindi Books 2
    Dewey Decimal Classification     Fiction Karol Bagh Karol Bagh 21/02/2012 के.के.पब्लकेशंस/1355/13.10.11/11/15.9.11/11.11.11 250.00   क लेवटॉ B-451168 21/02/2012 1 250.00 Hindi Books  
    Dewey Decimal Classification     Fiction Kasturba Gandhi Marg Kasturba Gandhi Marg 21/02/2012 के.के.पब्लकेशंस/1355/13.10.11/11/15.9.11/11.11.11 250.00   क लेवटॉ B-451161 21/02/2012 1 250.00 Hindi Books  
    Dewey Decimal Classification     Fiction Mobile Library Mobile Library 21/02/2012 के.के.पब्लकेशंस/1355/13.10.11/11/15.9.11/11.11.11 250.00   क लेवटॉ B-451158 21/02/2012 2 250.00 Hindi Books  
    Dewey Decimal Classification     Fiction Mobile Library Mobile Library 21/02/2012 के.के.पब्लकेशंस/1355/13.10.11/11/15.9.11/11.11.11 250.00   क लेवटॉ B-451159 21/02/2012 2 250.00 Hindi Books  
    Dewey Decimal Classification     Fiction Narela Narela 21/02/2012 के.के.पब्लकेशंस/1355/13.10.11/11/15.9.11/11.11.11 250.00   क लेवटॉ B-451169 21/02/2012 1 250.00 Hindi Books  
    Dewey Decimal Classification     Fiction Patel Nagar Patel Nagar 21/02/2012 के.के.पब्लकेशंस/1355/13.10.11/11/15.9.11/11.11.11 250.00   क लेवटॉ B-451160 21/02/2012 1 250.00 Hindi Books  
    Dewey Decimal Classification     Fiction Peshwa Road Peshwa Road 21/02/2012 के.के.पब्लकेशंस/1355/13.10.11/11/15.9.11/11.11.11 250.00 1 क लेवटॉ B-451162 17/05/2023 1 250.00 Hindi Books  
    Dewey Decimal Classification     Fiction R.K.Puram-8 R.K.Puram-8 21/02/2012 के.के.पब्लकेशंस/1355/13.10.11/11/15.9.11/11.11.11 250.00 2 क लेवटॉ B-451165 29/12/2023 1 250.00 Hindi Books 3
    Dewey Decimal Classification     Fiction Sarojini Nagar Sarojini Nagar 21/02/2012 के.के.पब्लकेशंस/1355/13.10.11/11/15.9.11/11.11.11 250.00 2 क लेवटॉ B-451164 29/11/2025 1 250.00 Hindi Books  
    Dewey Decimal Classification     Fiction Shahdara Branch Shahdara Branch 21/02/2012 के.के.पब्लकेशंस/1355/13.10.11/11/15.9.11/11.11.11 250.00 8 क लेवटॉ B-451171 06/10/2019 1 250.00 Hindi Books 2
    Dewey Decimal Classification     Fiction Vinoba Puri Vinoba Puri 21/02/2012 के.के.पब्लकेशंस/1355/13.10.11/11/15.9.11/11.11.11 250.00   क लेवटॉ B-451167 04/06/2012 1 250.00 Hindi Books  

© Delhi Public Library
Hit Counter
free hit counter